01236nam a2200337Ia 4500001000700000008004100007020001800048035001500066041000800081084001300089100008300102245014800185260008600333300002200419650003400441650001600475650003000491650002900521650003400550650002500584650001000609710007100619901000600690903000700696904000800703953003700711999001500748910000900763942001500772952011100787012365221003s2000 xx 000 0 spa d a92-828-9282-4 aCENDO_6645 aspa aCD-02618 aFUNDACION EUROPEA PARA LA MEJORA DE LAS CONDICIONES DE VIDA Y DE TRABAJO91189 0aEuropean Industrial Relations Observatory [EIRO] 1999 Annual Review /cEuropean Foundation for the Improvement of Living and Working Conditions aLuxembourg :bOffice for Official Publications of the European Communities,c2000 a144 p. ;c 30 cm aRELACIONES INDUSTRIALES91381 0aEUROPA9139 0aNEGOCIACION COLECTIVA974 0aCREACION DE EMPLEOS9425 aORGANIZACION DEL TRABAJO9129 aUNION MONETARIA9648 aCE98 aCOMUNIDADES EUROPEASbOficina de Publicaciones Oficiales,eed.915 a2 aNO a000 d2000-11-03yMONOGRAFIAoCD-02618 c6644d6644 a2000 cMONOGRAFIA 00104070aCENDObCENDOd2000-11-03l0oCD-02618pCENDO_6645r2022-10-05 00:00:00w2022-10-05yMONOGRAFIA